LEADER 01256nam a2200265 u 4500 001 000000053895 003 CaOOAMICUS 005 20070226115618.0 008 001123s1965 it u000 u ita u 035 $a10862213 040 $aPUL(R)$bita 100 1 $aAcri, Francesco,$d1834-1913.$0(OLS)http://pul/name/24828 245 10$aDella cognizione secondo S. Tommaso e Aristotele /$cFrancesco Acri ; introduzione e note di Giuseppe Muzio. 260 $aRoma :$bLibreria editrice salesiana,$c1965. 300 $a64 p. ;$c24 cm 490 1 $aQuaderni "Sodalitas thomistica" ;$v8 600 04$aThomas Aquinas,$cs.,$dc. 1225-1274$xCritica e interpretazione.$0(OLS)http://pul/subject/435 600 04$aAristoteles,$d384-322 a.C.$xCritica e interpretazione.$0(OLS)http://pul/subject/434 830 0$aQuaderni "Sodalitas thomistica" ;$v8.$0(OLS)http://pul/title/16511 850 $aPUL 852 $aPUL$W1$xDP1 Fondo Giannini$y60$m1555 E 23$j71038$nBK-PRI$b $qFondi$B71038$CPULBib$Z2$F71038 $H $81 941 1 $a1 961 $aINV: Fondo Giannini 996 $6245$aDella cognizione secondo S. Tommaso e Aristotele$9(OLS)http://pul/title/72288 996 $6260$aRoma :$bLibreria editrice salesiana$9(OLS)http://pul/publisher/53262 LEADER 01424nam a2200349 u 4500 001 000000071295 003 CaOOAMICUS 005 20070226122121.0 008 020523s1968 gw u000 u ger u 035 $a10930870 040 $aPUL(R)$bita 100 1 $aBoros, Ladislaus,$d1927-$0(OLS)http://pul/name/15765 245 10$aAus der Hoffnung leben :$bZukunftserwartung in christlichem Dasein /$cLadislaus Boros. 260 $aFreiburg i. B. :$bWalter-Verlag,$cc1968. 300 $a121 p. ;$c23 cm 490 1 $aTheologia publica ;$v10 504 $aBibliografia in nota. 650 4$aSperanza.$0(OLS)http://pul/subject/669 650 4$aTeologia pastorale.$0(OLS)http://pul/subject/1301 650 4$aUomo (teologia).$0(OLS)http://pul/subject/1029 830 0$aTheologia publica ;$v10.$0(OLS)http://pul/title/76448 850 $aPUL 852 $aPUL$W1$xSL Religione 1$y3$m67 A 24$j92228$nBK-PRI$b $qStampati$B92228$CPULBib$Z2$F92228 $H $81 941 1 $a8 960 $aPastorale$91301 960 $aUmanesimo cristiano$91029 960 $aUmanesimo cristiano$91029 960 $aAntropologia teologica$91029 960 $aAntropologia teologica$91029 961 $aINV: 31536 996 $6245$aAus der Hoffnung leben :$bZukunftserwartung in christlichem Dasein$9(OLS)http://pul/title/93880 996 $6260$aFreiburg i. B. :$bWalter-Verlag$9(OLS)http://pul/publisher/73481